| 000 | 00843nas a2200253 4500 | ||
|---|---|---|---|
| 001 | BR0706854 | ||
| 003 | BR-BrBNA | ||
| 005 | 20231205111318.0 | ||
| 007 | ta | ||
| 008 | 230509b bl.|||p| |||| 00| 00por d | ||
| 040 |
_aBR-BrBNA _bpor _cBiblioteca Nacional de Agricultura |
||
| 041 | _a(Pt) | ||
| 072 | _aL02; Q54; Q55 | ||
| 100 | 1 | _aStringhini, J.H. | |
| 100 | 1 | _aMiranda, R.M. de | |
| 100 | 1 | _aLopes, H.O. da S. | |
| 245 | 1 | _aNíveis de selênio em pastagens de cerrado e efeitos da suplementação sobre o desempenho de cordeiros | |
| 650 | _aSELENIO | ||
| 650 | _aPASTAGEM | ||
| 650 | _aOVINO | ||
| 773 | 0 |
_tAnais da Escola de Agronomia e Veterinária - Universidade Federal de Goiás (Brazil) _xISSN 0100-218X _g(Jan-Jun 1997), v. 27(1) p. 85-92 _wBR0706854 |
|
| 909 |
_a202311 _bLúcia _c55 _dLúcia Elande |
||
| 942 |
_2AGRIS _n0 _cANA |
||
| 999 |
_c191979 _d191979 |
||